| 000 | 00806nam a2200265Ia 4500 | ||
|---|---|---|---|
| 008 | 160319s9999 xx 000 0 und d | ||
| 020 | _a9789712725319 | ||
| 050 | _a324.7 | ||
| 050 | _bV712n 2011 | ||
| 100 | _aVillaroca, Wilfrido V. | ||
| 245 | _aNoynoy : | ||
| 245 | _btriumph of a people's campaign / | ||
| 245 | _cby Wildfrido V. Villacorta. | ||
| 260 | _aManila : | ||
| 260 | _bPublished and exclusively distributed by Anvil, | ||
| 260 | _c2011 | ||
| 300 | _avi, 115 pages : | ||
| 300 | _billustrations ; | ||
| 300 | _c23 cm. | ||
| 500 | _aIncludes bibliographical references. | ||
| 650 | _aAquino, Benigno Simeon III. | ||
| 650 | _aPhilippines -- Politics and government. | ||
| 650 | _aPolitical campaigns -- Philippines. | ||
| 650 | _aPolitics, Practical -- Philippines. | ||
| 999 |
_c292115 _d292115 |
||